000
00324nam a22001457a 4500
020
_a
0-86163-464-0
082
_a
823
_b
GRA/T
100
_a
GRAHAME'S, KENNETH
245
_a
MR. TOAD COMES HOME
250
_a
4
260
_a
LONDON
_b
AWARD PUBLICATIONS1994
300
_a
29
650
_a
ENGLISH SHORT STORY
_z
UK
942
_c
BK
999
_c
2716
_d
2716